000 00666nam a2200217 a 4500
001 18773
003 CO-ViMGA
008 141112s2004 ck r 000 u spa d
020 _a8495456281
040 _aCO-ViMGA
_bspa
_cCO-ViMGA
082 0 4 _a030 W651
100 1 _aWollard, Kathy
_926774
245 1 0 _aEl libro de los porques
260 _aBarcelona :
_bOniro; 2000
300 _a250 p. il.
500 _aRespuestas sencillas a preguntas sobre el mundo y sus pobladores.
590 _aForma de adquisición : Premio Min - cultura
650 1 4 _aCIENCIA - PREGUNTAS Y RESPUESTAS
_926775
650 1 4 _aTIERRA - PREGUNTAS Y RESPUESTAS
_926776
942 _2ddc
_cBK
999 _c28003
_d28003